Statistics for Twelve Days of Christmas

Click here to take the quiz!

General Stats

  • This quiz has been taken 20 times
  • The average score is 9 of 12

Answer Stats

HintAnswer% Correct
1A partridge in a pear tree
100%
3French hens
94%
2Turtle doves
94%
8Maids a milking
81%
5Gold rings
75%
4Calling birds
69%
10Lords a leaping
69%
6Geese a laying
63%
12Drummers drumming
56%
9Ladies dancing
56%
11Pipers piping
56%
7Swans a swimming
50%

Score Distribution

Percentile by Number Answered

Percent of People with Each Score

Your Score History

You have not taken this quiz